000 00517nam a22001817a 4500
005 20240307172213.0
010 _aENG-139169
020 _a978-93-5618-075-8
_c179.00
035 _aEN-122701
037 _bDBAD/PUB
082 _a000
_21
_b1
100 _aSAGAR, RACHNA
_962979
245 _aCUET UG-2022/
_cRACHNA SAGAR
260 _aNew Delhi
_bRACHNA SAGAR PVT.LTD.
_c2022
270 _a4583/ 15, Daryaganj
_bNew Delhi
_e110002
300 _a156 Pages
_c22CM(PK)
942 _cEN
_h000
_2ddc
_mSAG
_e1
999 _c200608
_d200608